Statistiken für Rekord-Torjäger der Fußball-Bundesliga / Top Bundesliga Goal Scorers

Klicken Sie hier um das Quiz zu spielen!

Allgemein

  • Dieses Quiz wurde 532 mal gespielt
  • Das Durchschnittsergebnis liegt bei 4 aus 10

Antwortstatistiken

PlatzSpielerZeitraumVereinTore% Korrekt
1.Gerd Müller1965-1979FC Bayern München365
95%
2.Klaus Fischer1968-1988FC Schalke 04268
56%
3.Jupp Heynckes1965-1978Borussia Mönchengladbach220
53%
5.Ulf Kirsten1990-2003Bayer 04 Leverkusen181
49%
10.Karl-Heinz Rummenigge1974-1984FC Bayern München162
42%
7.Dieter Müller1973-19861. FC Köln177
25%
4.Manfred Burgsmüller1969-1990Borussia Dortmund213
24%
6.Stefan Kuntz1983-19991. FC Kaiserslautern179
23%
8.Klaus Allofs1975-19931. FC Köln177
19%
9.Hannes Löhr1964-19771. FC Köln166
13%

Verteilung der Resultate

Perzentil nach korrekt beantworteten Fragen

Anzahl Personen mit jedem Resultat

Ihre Resultats-Entwicklung

Sie haben dieses Quiz noch nicht gespielt